00623nam a2200193Ia 4500952013100000999001700131003000400148005001700152008004100169020001800210040000900228082002200237100003000259245003600289260003200325300000900357650001300366942005000379 00102ddc40708SSaMESbMEScMALd2019-02-20g45.00l0o894.812301 ZAC/Pp31716r2019-02-20 00:00:00w2019-02-20yBKzGR31R1 c29046d29046OSt20260305124335.0190216s9999||||xx |||||||||||||| ||und|| a9788126406753 coclc a894.812301bZAC/P0 aSakkar̲iya,d1945-96653 0aPrathikathakal /cPaul Zacharia bDc Books,aKottayam:c2003. a108p aKathakal cBK2ddch894.812301iZAC/Pk894.812301mZAC/P